| 000 | 00517cam a22001457a 4500 | ||
|---|---|---|---|
| 008 | 180718b1998 xxu||||| |||| 00| 0 eng d | ||
| 082 | _aA81x54 91/13/Pt 4A/C | ||
| 100 | _aCensus of India 1991 | ||
| 245 | _aMadhya Pradesh: socio-cultural tables | ||
| 260 |
_aDelhi _bThe Controller of Publications _c1998 |
||
| 300 | _a2vols. | ||
| 440 | _aCensus of India 1991. Series-13, Madhya Pradesh. Volume-1, Part-IV A - C Series | ||
| 500 | _av1, 515p.;v2, 482p. | ||
| 650 | _aCensus - India - Madhya Pradesh - Social aspects | ||
| 999 |
_c486590 _d486590 |
||